000 01252cam a22003497a 4500
003 CHAP
005 20220329134816.0
008 971013s1983 r 00010 d
010 _a26296
011 _a27268
035 _a31369
040 _cCHAP
082 _a581.13
_bI58 1983
111 0 0 _aInternational Symposium on Protein Metabolism and Nutrition
_n(4 :
_d1983 :
_cClermont-Ferrand, France)
_959987
245 0 _aProceedings
260 _aParis :
_bINRA,
_c1983
300 _a2 v.
_b; gráfs
490 0 _aLes colloque de l'inra
_v; 16
505 _aContenido: v.1 Rapports.- v.2 communications
590 _aBATCH-UPD
_b10
_c20130110
_lUCH01
_h1611
590 _aBATCH-UPD
_b10
_c20130410
_lUCH01
_h1007
590 _aBATCH-UPD
_b10
_c20130914
_lUCH01
_h1917
590 _aCONVERSION
_b10
_c20130109
_lUCH01
_h1315
650 1 4 _aPlantas
_xMetabolismo.
_988858
650 1 4 _aPlantas
_xNutrición.
_988874
650 1 4 _aProteínas vegetales.
_992460
830 0 _aLes colloque de l'inra
_v; 16
_966325
901 _aBK
942 _cLIBRO
949 _a581.13 I58 1983
_bBC
_cLIBRO
_d33724000521837
_eLIBRO
_fv.1
_gI.128578
_h66839
_i31369
_mDir
_si
_t3.15
949 _a581.13 I58 1983
_bBC
_cLIBRO
_d33724000521951
_eLIBRO
_fv.2
_gI.128579
_h66840
_i31369
_mDir
_si
999 _c26296
_d26296